| 000 | 01325cam a2200373 i 4500 | ||
|---|---|---|---|
| 001 | 200453253 | ||
| 999 |
_c200453253 _d71465 |
||
| 003 | TR-AnTOB | ||
| 005 | 20241114140406.0 | ||
| 007 | ta | ||
| 008 | 100526t20122011tu aod 000 0 tur d | ||
| 020 | _a9789750610189 | ||
| 040 |
_aSULEY _beng _erda _cSULEY _dTR-AnTOB |
||
| 041 | 0 | _atur | |
| 050 | 4 |
_aHM881 _b.A475 2012 |
|
| 090 |
_aHM881 _b.A475 2012 |
||
| 100 | 1 |
_aAkpinar, Aylin _eauthor _9142130 |
|
| 245 | 1 | 0 |
_aYeni toplumsal hareketler / _cYazarlar Yrd. Doç. Dr. Aylin Akpınar [and seven others] ; editörler Prof. Dr. Bilhan Kartal, Prof. Dr. Belkıs Kümbetoğlu. |
| 250 | _a2. Baskı | ||
| 264 | 1 |
_aEskişehir : _bAnadolu Üniversitesi, _c2012. |
|
| 264 | 4 | _c©2011 | |
| 300 |
_aix, 285 pages : _billustrations, photographs, tables ; _c27 cm |
||
| 336 |
_atext _btxt _2rdacontent |
||
| 337 |
_aunmediated _bn _2rdamedia |
||
| 338 |
_avolume _bnc _2rdacarrier |
||
| 490 | 0 |
_aT.C. Anadolu Üniversitesi Yayını No ; _v2345 _aAçıköğretim Fakültesi Yayını No ; _v1342 |
|
| 504 | _aBIB | ||
| 650 | 7 |
_aSosyal hareketler _2etuturkob _99967 |
|
| 650 | 7 |
_aSosyal çatışma _2etuturkob _936532 |
|
| 650 | 7 |
_aSosyal tarih _2etuturkob _912407 |
|
| 700 | 1 |
_aKartal, Bilhan _eeditor _9142131 |
|
| 700 | 1 |
_aKümbetoğlu, Belkıs _eeditor _9142132 |
|
| 942 |
_2lcc _cBK |
||